[Event "ESP-ch Rapid 2018"]
[Site "Linares"]
[Date "2018.08.19"]
[Round "2"]
[White "Fernandez Calzada, Juan A"]
[Black "Vega Gutierrez, Sabrina"]
[Result "0-1"]
[WhiteElo "1692"]
[BlackElo "2390"]
[Annotator "TA"]
[PlyCount "100"]
[EventDate "2018.08.19"]
[EventType "team-tourn"]
[EventCountry "ESP"]
[SourceTitle "playchess.com"]
[Source "ChessBase"]
[SourceQuality "1"]

{[%evp 9,100,-22,-19,-48,-25,-63,-66,-61,-55,-66,-45,-81,-49,-85,-62,-128,-86,-77,0,-66,0,0,46,-20,-8,-24,-11,-47,-36,-53,-35,-54,-48,-62,-67,-61,-36,-50,-54,-187,-63,-117,-69,-141,-129,-231,-239,-253,-225,-277,-265,-398,-355,-364,-360,-368,-384,-419,-434,-533,-564,-522,-498,-645,-608,-2749,-2685,-3777,-1910,-2791,-864,-1207,-1152,-2027,-1818,-2165,-2426,-2435,-2395,-1493,-2393,-2289,-2245,-29969,-29971,-29969,-29969,-29988,-29989,-29989,-29990,-29992,-29993]} 1. e4 c5 2. Nc3 Nc6 3. f4 e6 4. Nf3 a6 5. a4 d5 {LiveBook: 29 Games} 6. e5 {B23: Closed Sicilian: Lines without g3} (6. d3 Nge7 7. g3 g6 8. Bg2 Bg7 9. O-O O-O 10. Qe2 d4 11. Nd1 Rb8 12. e5 b5 13. axb5 axb5 14. Nf2 {1-0 (34) Vera Siguenas,D (2521)-Nina,M (2242) Moquegua Ilo 2017}) 6... Nh6 7. Be2 Be7 8. O-O {Black is slightly better.} O-O 9. d3 f6 10. Qe1 $146 ({Predecessor:} 10. Kh1 Nf5 11. Qe1 fxe5 12. fxe5 Qc7 13. Bd1 Nfd4 {0-1 (24) Lansky,P (1822)-Popelka,O (2030) Tabor 2012}) 10... Qc7 {[%cal Rf6e5]} 11. Bd1 Bd7 12. Bd2 (12. exf6 $15 Bxf6 13. Bd2) 12... Rab8 13. a5 Nf5 (13... fxe5 $17 14. Nxe5 Nxe5 15. Qxe5 Bd6) 14. Na4 (14. exf6 $11 Bxf6 15. Na4) 14... Nfd4 (14... fxe5 $15 15. fxe5 c4) 15. exf6 $11 Bxf6 (15... Nxf3+ {is interesting.} 16. Bxf3 Rxf6 17. Nb6 Bd6 18. g3 Nd4) 16. Nb6 (16. Nxc5 $14 Nxf3+ 17. Bxf3 Bd4+ 18. Be3) 16... Nxf3+ 17. Bxf3 Bxb2 18. Nxd7 Qxd7 19. Rb1 Bf6 20. Bg4 Rbe8 {[%cal Bb8e8,Be8e7,Be7f7,Bf7f5][%mdl 32]} 21. Rb6 Bd8 22. Rb1 Kh8 23. Bh5 Re7 24. Qg3 (24. Bc3 $15) 24... Nd4 ({But not} 24... Nxa5 25. Qe3 $17) (24... Bxa5 $19 25. Bxa5 Nxa5) 25. Bd1 ({Better is} 25. Qf2 $15) 25... Ref7 26. c3 (26. Qe1 $15) 26... Nf5 $17 27. Qh3 (27. Qf2 $17 {might work better.}) 27... Bxa5 $19 28. g4 Nd6 {[%cal Bf5d6,Bd6b5,Bb5d4][%mdl 32]} 29. Bc2 d4 {[%cal Bd5d4,Bd4c3][%mdl 32]} 30. g5 (30. Be1 $142) 30... Rf5 31. Bd1 Nb5 ({Resist} 31... Bxc3 32. Bc1 $19) 32. Bg4 dxc3 33. Bxf5 exf5 ({Don't play} 33... Rxf5 34. Be1 $19) 34. Bc1 Re8 35. Ra1 Bb6 36. Kh1 Nd4 37. Ba3 Re2 38. Rab1 Ba7 39. Kg1 b5 (39... Qc6 $142 40. Rf2 c4) 40. Rbe1 b4 41. Bc1 {[#]} c4 $1 {[%cal Bc5c4,Bc4d3,Bd3d2][%mdl 32] ( -> ...Nf3+)} 42. Rxe2 (42. dxc4 Nf3+) 42... Nxe2+ 43. Kg2 Qd5+ 44. Qf3 Qxf3+ 45. Kxf3 Nxc1 46. Rxc1 cxd3 {KR-KB. Black mates.} 47. Re1 Kg8 48. h4 c2 49. Re8+ Kf7 50. Rc8 d2 {Precision: White = 23%, Black = 46%.} 0-1

[Event "ESP-ch Rapid 2018"]
[Site "Linares"]
[Date "2018.08.19"]
[Round "2"]
[White "De la Fuente de la Fuente, Alba"]
[Black "Fernandez De Bobadilla, Gabriel"]
[Result "1/2-1/2"]
[WhiteElo "1659"]
[BlackElo "2175"]
[Annotator "TA"]
[PlyCount "53"]
[EventDate "2018.08.19"]
[EventType "team-tourn"]
[EventCountry "ESP"]
[SourceTitle "playchess.com"]
[Source "ChessBase"]
[SourceQuality "1"]

{[%evp 17,53,-23,-18,-17,-10,-15,14,19,19,17,80,10,137,74,74,73,74,74,68,22,47,46,95,97,104,83,106,88,140,137,135,129,162,156,188,156,185,145]} 1. e4 c5 2. Nc3 a6 3. f4 b5 4. Nf3 Bb7 5. d3 e6 6. g3 {B23: Sizilianisch (Geschlossenes System)} Be7 7. Bg2 Nf6 8. O-O d6 9. h3 (9. a4 b4 10. Ne2 c4 11. b3 cxd3 12. cxd3 O-O 13. h3 Nc6 14. g4 Nd7 15. g5 {1-0 (51) Duda,J (2717)-Fedorchuk,S (2648) Katowice 2017}) 9... Nc6 {LiveBook: 12 Partien} 10. Ne2 Qc7 11. Be3 d5 12. e5 Nd7 13. d4 f5 $146 (13... O-O $11) ({Vorgänger:} 13... b4) 14. Ng5 (14. g4 $16) 14... Nf8 (14... Bxg5 $11 15. fxg5 cxd4 16. Nxd4 Nxd4 17. Bxd4 O-O) 15. c3 (15. dxc5 $142 Bxg5 16. fxg5) 15... h6 $16 16. Nf3 c4 17. g4 g6 18. Ng3 O-O-O 19. b3 cxb3 20. axb3 Kb8 21. Nd2 Na7 22. Ne2 fxg4 (22... Nd7 $142) 23. hxg4 {[%cal Bh3g4,Bg4g5][%mdl 32]} h5 {[#]} 24. g5 $1 Nd7 25. Bh3 {Weiß steht deutlich besser.} Nf8 26. Qc2 Rc8 27. Qd3 {Precision: Weiß = 46%, Schwarz = 26%.} 1/2-1/2

[Event "ESP-ch Rapid 2018"]
[Site "Linares"]
[Date "2018.08.19"]
[Round "2"]
[White "Joglar Garcia, Maria"]
[Black "Guadamuro Torrente, Anabel"]
[Result "1/2-1/2"]
[WhiteElo "1583"]
[BlackElo "2145"]
[Annotator "TA"]
[PlyCount "64"]
[EventDate "2018.08.19"]
[EventType "team-tourn"]
[EventCountry "ESP"]
[SourceTitle "playchess.com"]
[Source "ChessBase"]
[SourceQuality "1"]

{[%evp 14,64,55,52,72,52,66,41,56,60,72,39,77,71,100,82,133,98,132,127,150,127,179,61,116,86,133,118,133,86,78,25,25,25,25,25,34,25,33,0,0,0,0,0,7,0,31,16,64,52,66,7,1058]} 1. d4 d5 2. Nf3 c6 3. Bf4 Nf6 4. e3 g6 5. c4 (5. Be2 Bg7 6. h3 O-O 7. O-O Ne4 8. Nfd2 Bf5 9. Nxe4 dxe4 10. Nd2 Nd7 11. Bh2 e5 12. c3 Qb6 {1-0 (35) Barbosa,O (2579)-Gomez,J (2541) Bangkok 2014}) 5... e6 6. Be2 {D02: 1 d4 d5 2 Nf3 sidelines, including 2...Nf6 3 g3 and 2...Nf6 3 Bf4} Bg7 7. Nc3 O-O 8. O-O {LiveBook: 3 Games. White is slightly better.} Ne4 $146 ({Predecessor:} 8... Nbd7 9. a4 dxc4 10. Bxc4 Nh5 11. Bg5 Qa5 12. Rb1 Re8 13. b4 Qc7 14. Bh4 a5 15. Qb3 axb4 16. Qxb4 {½-½ (58) Perez,L (2056)-Martinez,M (2012) Medellin 2012}) 9. Bd3 f5 10. Qc2 Nd7 {[%cal Bb8d7,Bd7f6,Bf6h5][%mdl 32]} 11. h3 Ndf6 12. Ne5 Nh5 13. Bh2 $36 {[%mdl 2048] Black is under strong pressure.} Qg5 14. Be2 a6 (14... Nhg3 $142) 15. Qd1 Bxe5 16. Bxe5 ({Don't do} 16. dxe5 $6 Nxc3 17. bxc3 b5 $14) 16... Bd7 17. Bxh5 gxh5 (17... Qxh5 $16 18. Qxh5 gxh5) 18. cxd5 (18. c5 $18) 18... cxd5 ({Black should try} 18... Nxc3 $1 $14 19. bxc3 cxd5) 19. Rc1 Bc6 20. Re1 Kf7 21. Qf3 Rg8 22. Nxe4 (22. Rc2 $16) 22... dxe4 $11 23. Qg3 Qxg3 24. Bxg3 Rgd8 25. Red1 Rd5 26. Rc5 Rxc5 27. dxc5 {[%mdl 4096] Endgame KRB-KRB} Bd5 28. a3 {[%cal Ba2a3,Ba3b4][%mdl 32]} Rc8 29. b4 a5 30. Be5 axb4 31. axb4 Ra8 32. Ra1 (32. b5 $14) 32... Rh8 $2 {[%mdl 40960] Precision: White = 24%, Black = 15%. . An unexpected result.} (32... Rxa1+ $11 33. Bxa1 Ke7) 1/2-1/2

[Event "ESP-ch Rapid 2018"]
[Site "Linares"]
[Date "2018.08.19"]
[Round "2"]
[White "Gonzalez Fernandez, Manuel Jesus"]
[Black "Merario Alarcon, Andres"]
[Result "0-1"]
[WhiteElo "1340"]
[BlackElo "2406"]
[Annotator "TA"]
[PlyCount "82"]
[EventDate "2018.08.19"]
[EventType "team-tourn"]
[EventCountry "ESP"]
[SourceTitle "playchess.com"]
[Source "ChessBase"]
[SourceQuality "1"]

{[%evp 17,82,0,0,-6,0,0,30,26,24,6,13,0,0,-47,-47,-121,-88,-228,-206,-221,-207,-222,-121,-130,-133,-120,-88,-95,-102,-92,-81,-149,-149,-165,-145,-150,-150,-166,-48,-85,-23,-68,-47,-369,-145,-147,-145,-433,-268,-396,-328,-316,-310,-972,-972,-972,-970,-914,-911,-964,-937,-1674,-1689,-2232,-2189,-29985,-2081]} 1. e4 {[%cal Be2e4,Be4e5][%mdl 32]} Nf6 2. e5 Nd5 3. d4 d6 4. Bc4 Nb6 5. Bb3 dxe5 6. Qh5 e6 7. dxe5 a5 8. a4 Na6 9. Nc3 {B03: Aljechin-Verteidigung (Vierbauernvariante)} (9. Nf3 Nc5 10. Ba2 Be7 11. Nc3 O-O 12. Ng5 h6 13. Nf3 Qe8 14. Be3 Bd7 15. Qg4 Kh7 16. Ne4 Nxe4 17. Qxe4+ Kh8 18. Bb3 {½-½ (99) Kiewra,K (2425)-Zhou,J (2617) Chicago 2016}) 9... Nc5 {LiveBook: 10 Partien} 10. Be3 Nxb3 11. cxb3 {Die Stellung ist ausgeglichen.} Bb4 12. Rd1 Nd5 13. Nf3 Qe7 14. Bd2 $146 ({Vorgänger:} 14. Bg5 Qc5 15. O-O Bxc3 16. bxc3 Qxc3 {0-1 (24) Demml,R (1850)-Engel,K (1805) Seefeld 1993}) 14... O-O 15. Ng5 {[%csl Gg5][%cal Rh5h7]} h6 $36 {[%mdl 2048] Schwarz hat Initiative.} 16. h4 (16. Nge4 $15) 16... f6 17. Nxd5 (17. Nf3 $17 {war nötig.}) 17... exd5 $19 18. Nf3 fxe5 19. Qxe5 Qxe5+ ({Lieber} 19... Qf7 $19 {Und ...Te8 würde nun gewinnen.} 20. Qe3 (20. Bxb4 $2 Re8 $19) 20... Bd6) 20. Nxe5 $17 {beabsichtigt Lxb4.} Re8 21. f4 Bd6 22. Bc3 c6 {[%cal Bc7c6,Bc6c5][%mdl 32]} 23. O-O Bf5 24. Rc1 (24. Rd2 $142) 24... c5 25. Rfe1 b6 26. g4 Bh7 27. h5 Be4 ({Günstiger ist} 27... d4 $19 28. Bd2 Bxe5 29. fxe5 Re6) 28. Kf2 Re7 (28... Rad8 $17) 29. Kg3 Bc7 30. Nf3 $2 {[%mdl 8192] [#]} (30. Ng6 $15 Ree8 31. Be5) 30... d4 $2 (30... Bxf4+ $1 $19 {[%mdl 512]} 31. Kxf4 Rf8+ 32. Kg3 Rxf3+ 33. Kh4 d4) 31. Bd2 Rae8 32. Kg2 $2 {[%mdl 8192]} (32. b4 $17 axb4 {[#]} 33. a5 $1 {[%mdl 512]}) 32... Bd5 {Droht ...Txe1 und aus.} 33. b4 (33. Rxe7 $142 Rxe7 34. Kf2) 33... axb4 34. Rxe7 Rxe7 35. a5 $2 (35. Kf2) 35... Re2+ $19 36. Kg3 Bxf3 37. Kxf3 Rxd2 38. axb6 Bxb6 39. Rb1 c4 40. Ke4 Re2+ 41. Kf3 d3 {Precision: Weiß = 25%, Schwarz = 43%.} (41... Re3+ $142 42. Kg2 d3 43. g5 c3 44. bxc3 bxc3 45. Rxb6 c2 46. Rb8+ Kf7 47. g6+ Ke7 48. Rb7+ Kd6 49. Rb6+ Kc7 50. Ra6 d2 51. Ra7+ Kb6 52. Re7 Rxe7 53. Kh2 d1=Q 54. Kg2 Qg4+ 55. Kh2 Re2+ 56. Kh1 c1=Q#) 0-1

[Event "ESP-ch Rapid 2018"]
[Site "Linares"]
[Date "2018.08.19"]
[Round "3"]
[White "Salgado Lopez, Ivan"]
[Black "Ladron De Guevara Pinto, Paolo"]
[Result "1-0"]
[WhiteElo "2643"]
[BlackElo "2424"]
[Annotator "TA"]
[PlyCount "103"]
[EventDate "2018.08.19"]
[EventType "team-tourn"]
[EventCountry "ESP"]
[SourceTitle "playchess.com"]
[Source "ChessBase"]
[SourceQuality "1"]

{[%evp 26,103,0,0,8,0,7,0,0,0,0,0,0,0,0,0,16,7,7,13,26,27,28,29,28,30,43,23,31,19,35,6,17,7,1,0,0,0,0,0,0,0,0,0,32,0,11,0,46,15,58,0,49,22,22,22,22,19,22,0,10,0,0,0,135,61,387,387,378,296,539,416,996,679,6095,5197,29959,12131,29982,29983]} 1. e4 e5 2. Nf3 Nc6 3. Bb5 g6 4. d4 exd4 5. Bg5 Be7 6. Bxe7 Qxe7 7. Bxc6 dxc6 8. Qxd4 Nf6 9. Nc3 Bg4 {C60: Ruy Lopez: Unusual Black 3rd moves and 3...g6} 10. Nd2 c5 11. Qe3 O-O-O 12. h3 (12. f3 Be6 13. O-O-O b6 14. g4 Nd7 15. h3 Ne5 16. f4 Nc6 17. Nf3 {0-1 (34) Guseinov,G (2645)-Carlsen,M (2832) chess.com INT 2017}) 12... Bd7 13. O-O-O Bc6 14. Rhe1 {LiveBook: 3 Games} b6 15. f3 Rhe8 16. Qg5 Nh5 17. Qxe7 Rxe7 18. Nf1 $146 Nf4 19. Rxd8+ Kxd8 20. Ne3 h5 21. h4 Rd7 22. Ne2 Ne6 23. Rd1 Rxd1+ 24. Kxd1 $11 {[%mdl 4096] Endgame KBN-KNN} Ke7 25. Kd2 a5 26. Nd1 Kd6 27. Ke3 Bb7 28. Nf4 Nd4 29. c3 Nc6 30. Nd3 Ba6 31. f4 a4 32. Kd2 Bc4 33. a3 Be6 34. Ne3 f6 35. Ne1 b5 36. Nf3 Bf7 37. Kd3 Be6 38. Kd2 (38. c4 $14) 38... Bf7 39. g4 (39. c4 $5) 39... hxg4 40. Nxg4 Ke7 41. e5 f5 42. Nf2 Na5 43. Nd3 Bd5 44. Ke2 Nc4 {[#]} (44... Bxf3+ $11 {remains equal.} 45. Kxf3 Nb3) 45. Nd2 $1 $16 Bf7 $2 {[%mdl 8192] [#]} (45... Kd8 $1 $14) 46. Nxc4 $1 $18 Bxc4 47. Ke3 Bxd3 $2 (47... Ke6 {might work better.} 48. Nxc5+ Kd5) 48. Kxd3 {KP-KP} Ke6 (48... Kd8 $142 49. b4 axb3) 49. c4 {[%cal Bc3c4,Bc4b5][%mdl 32]} c6 {intending ...b4.} 50. Kc3 Kf7 51. b3 Ke6 52. cxb5 {Precision: White = 60%, Black = 26%.} 1-0

[Event "ESP-ch Rapid 2018"]
[Site "Linares"]
[Date "2018.08.19"]
[Round "3"]
[White "Santos Latasa, Jaime"]
[Black "Estremera Panos, Sergio"]
[Result "1-0"]
[WhiteElo "2582"]
[BlackElo "2337"]
[Annotator "TA"]
[PlyCount "120"]
[EventDate "2018.08.19"]
[EventType "team-tourn"]
[EventCountry "ESP"]
[SourceTitle "playchess.com"]
[Source "ChessBase"]
[SourceQuality "1"]

{[%evp 24,120,20,11,23,11,18,13,19,0,0,-19,34,47,71,74,72,79,72,73,86,57,56,52,91,90,99,95,89,95,97,95,102,99,105,102,102,95,102,108,106,101,99,90,111,100,139,137,131,133,143,121,93,93,95,96,101,67,130,0,88,64,199,184,213,202,257,256,257,8,35,0,239,244,355,325,322,271,543,409,417,394,341,287,550,539,1921,1988,2038,2254,2141,2063,1970,1741,2509,1633,29982,29983,29983]} 1. Nf3 {Golod,V} c5 2. e4 e6 3. d4 cxd4 4. Nxd4 Nf6 5. Nc3 Nc6 6. Ndb5 Bb4 7. a3 Bxc3+ 8. Nxc3 d5 9. Bd3 d4 {B45: Sicilian Four Knights} 10. Ne2 e5 11. O-O O-O 12. h3 Re8 13. Ng3 {LiveBook: 4 Games} Be6 14. f4 exf4 $1 15. Bxf4 {Black should prevent e5.} Nd7 {[#]} 16. Qd2 $146 ({Predecessor:} 16. Qh5 g6 17. Qh6 {1-0 (32) Shirov,A (2718)-Grischuk,A (2663) Linares 2001 CBM 082 [Golod,V]}) 16... Nde5 17. Nh5 {aiming for Bh6!} Qh4 (17... f6 $1 $11) 18. Be2 $14 Nc4 19. Qc1 {Threatens to win with Nxg7!} Ne3 20. Bxe3 dxe3 21. Qxe3 Rad8 22. Qg3 Qxg3 23. Nxg3 Rd2 24. Bd3 Rd8 25. Rf2 Rxf2 26. Kxf2 Ne5 27. Ke3 g6 28. Ne2 Kf8 29. a4 {[%cal Ba3a4,Ba4a5][%mdl 32]} Ke7 30. Nd4 a6 31. a5 Rc8 32. Ra4 Rc5 33. Ra3 Rc7 34. Nf3 Kf6 35. Nxe5 Kxe5 $16 {[%mdl 4096] Endgame KRB-KRB} 36. Ra4 $1 h5 37. Rb4 h4 38. c3 g5 39. Be2 f6 40. Rb6 Bc8 (40... Rg7 $14) 41. Rb4 Be6 42. Ra4 Bb3 ({Black should try} 42... Rc5 $14) 43. Rd4 $18 Be6 {[#]} 44. c4 $1 {[%cal Bc3c4,Bc4c5][%mdl 32]} Rc8 45. b4 Rc7 46. Bd3 $2 (46. Rd1 $18) 46... Rg7 $1 $11 47. Be2 $2 (47. Rd8 $14) 47... Rc7 $18 48. Rd1 Rc8 {[#]} (48... Rg7 $142 49. Rd8 Re7) 49. c5 $1 Rc7 50. Rd6 Bc8 $2 (50... f5 51. exf5 Bxf5) 51. Rd5+ Ke6 52. Bc4 Ke7 53. Rd6 f5 $2 (53... Rc6 {was necessary.} 54. Rxc6 bxc6) 54. Rg6 g4 55. Rg7+ Kd8 56. Rxc7 Kxc7 57. e5 Bd7 58. Kf4 Bc6 59. hxg4 {[%cal Bh3g4,Bg4f5][%mdl 32]} Bxg2 60. gxf5 h3 {Precision: White = 68%, Black = 38%.} 1-0

[Event "ESP-ch Rapid 2018"]
[Site "Linares"]
[Date "2018.08.19"]
[Round "3"]
[White "Moreno Trujillo, Alejandro"]
[Black "Pallardo Lozoya, Jose Vicente"]
[Result "1-0"]
[WhiteElo "2497"]
[BlackElo "2382"]
[Annotator "TA"]
[PlyCount "95"]
[EventDate "2018.08.19"]
[EventType "team-tourn"]
[EventCountry "ESP"]
[SourceTitle "playchess.com"]
[Source "ChessBase"]
[SourceQuality "1"]

{[%evp 27,95,8,68,75,89,45,47,47,53,-49,52,44,68,0,525,560,556,539,1163,1162,1162,1158,1130,1100,1061,1030,1232,1221,1213,888,995,435,425,389,488,487,474,469,517,506,544,505,1308,1212,12832,10675,2396,2168,12839,2372,12842,12843,12843,12843,12844,12844,12845,12845,12846,12847,12847,12847,12848,12848,12845,12845,12847,12847,29993,12847]} 1. d4 d5 2. c4 dxc4 3. e3 Nf6 4. Nf3 a6 5. Bxc4 e6 6. O-O c5 7. Bb3 Nc6 {[%cal Bb8c6,Bc6a5,Ba5c4][%mdl 32]} 8. Nc3 cxd4 9. exd4 Be7 10. Bg5 {D27: Queen's Gambit Accepted: Classical main line: 7 e4!? and 7 a4} O-O 11. Qd2 Na5 12. Bc2 b5 13. Rad1 Nc4 (13... Bb7 14. d5 exd5 15. Rfe1 Rc8 16. Bf5 Rc7 17. Qf4 Nh5 {½-½ (31) Mamedyarov,S (2747)-Karjakin,S (2769) Wijk aan Zee 2016}) 14. Qf4 Bb7 {LiveBook: 4 Games} ({Black should try} 14... g6 $1 $11) 15. d5 $14 exd5 16. Rfe1 ({Inferior is} 16. Bxf6 Bxf6 17. Be4 Nb6 $17) 16... Re8 17. Bxf6 Bxf6 18. Rxe8+ Qxe8 19. Qf5 $146 {Threatens to win with Re1.} ({But not} 19. Nxd5 Bxd5 20. Rxd5 Bxb2 $15) 19... Kf8 20. Re1 $40 {[%mdl 128] White mounts an attack.} (20. Qxh7 $14 Ne5 21. Nd4 (21. Nxd5 Bxd5 22. Rxd5 Nxf3+ 23. gxf3 Rd8 $11)) 20... Qc8 $2 {[%mdl 8192]} (20... Qc6 $11 {and Black stays safe.} 21. Qxh7 g6) 21. Qxh7 $18 {[%cal Rh7h8]} g6 {[#]} 22. Ng5 $1 {[%csl Gg5][%cal Rh7f7][%mdl 512]} Bg7 {[#]} (22... Bxg5 23. Qh8#) 23. Bxg6 $1 {[%mdl 512]} Nd6 {[#]} (23... fxg6 24. Qxg6) 24. Bxf7 $1 {[%mdl 512]} Nxf7 25. Ne6+ Qxe6 26. Rxe6 d4 27. Rg6 Be5 28. Rg8+ Ke7 29. Qh4+ (29. Rg5 $142 Rh8 30. Rxe5+ Kf8 31. Qf5 dxc3 32. Re3) 29... Bf6 30. Qg3 Rxg8 31. Qxg8 dxc3 32. bxc3 Nd6 {[#]} 33. h4 $1 Bxc3 (33... Bxh4 34. Qh7+) 34. h5 Nf7 (34... Bf6 $142 35. h6 Nf7) 35. Qb8 Bd5 36. Qc7+ Ke6 37. Qxc3 Bxa2 38. Qc6+ Ke5 39. Qxa6 Bc4 40. h6 {[%cal Bh5h6,Bh6h7][%mdl 32]} Kd4 41. h7 b4 42. Qf6+ Kd3 43. Qb2 b3 44. g4 {[%cal Bg2g4,Bg4g5,Bg5g6][%mdl 32]} Ke4 45. g5 {White threatens g6 and mate.} Kf5 46. Qf6+ Ke4 47. g6 Ne5 48. Qxe5+ {Precision: White = 79%, Black = 23%.} (48. h8=Q $142 Nf3+ 49. Kg2 Nh4+ 50. Qhxh4+ Kd3 51. Qhd4+ Kc2 52. Qxc4+ Kd2 53. Qff4+ Ke1 54. Qf1#) 1-0

[Event "ESP-ch Rapid 2018"]
[Site "Linares"]
[Date "2018.08.19"]
[Round "3"]
[White "Espinosa Aranda, Angel"]
[Black "Garcia Garcia, Adrian Antonio"]
[Result "1-0"]
[WhiteElo "2451"]
[BlackElo "2179"]
[Annotator "TA"]
[PlyCount "91"]
[EventDate "2018.08.19"]
[EventType "team-tourn"]
[EventCountry "ESP"]
[SourceTitle "playchess.com"]
[Source "ChessBase"]
[SourceQuality "1"]

{[%evp 9,91,27,42,10,41,22,65,51,93,78,75,74,85,66,79,75,126,102,100,106,97,101,104,94,167,111,172,187,185,185,197,201,195,172,237,170,467,472,470,468,467,458,960,942,1310,558,551,551,551,551,551,551,580,590,564,570,726,709,681,663,1200,1198,1087,1076,1028,933,1520,1500,1469,1429,1680,1664,1839,1828,29978,29978,29981,29982,29985,29986,29989,29990,29990,29990]} 1. Nf3 f5 2. g3 Nf6 3. Bg2 g6 4. b4 Bg7 5. Bb2 d5 $146 ({Vorgänger:} 5... O-O 6. O-O c6 7. c4 d6 8. d4 a5 9. b5 cxb5 10. cxb5 a4 11. Qd3 Nbd7 {1-0 (33) Short,N (2723)-Kindermann,S (2528) Munich 2016}) 6. O-O {A04: Holländisches System ohne Übergang in andere Systeme} c6 7. d3 O-O 8. Nbd2 {Weiß steht etwas besser.} Na6 9. a3 Nc7 10. c4 e6 11. Rc1 Nce8 12. Qb3 Ng4 (12... Nd6 $142) 13. h3 {[#] Und Lxg7 würde nun gewinnen.} Bxb2 14. Qxb2 Qf6 15. d4 Nh6 16. b5 $36 {[%mdl 2048] Weiss ist am Drücker.} Nd6 (16... Nf7 $16 {war einen Versuch wert.}) 17. Ne5 (17. bxc6 $18 bxc6 18. Ne5) 17... Ne4 (17... cxb5 $16 {war angesagt.} 18. cxd5 Nhf7) 18. bxc6 $18 bxc6 19. Nxc6 Ba6 20. cxd5 exd5 21. Ne5 Rfc8 (21... Qe7 $142 22. Bxe4 dxe4) 22. Qa2 Kg7 $2 (22... Kh8 23. Nxe4 dxe4) 23. Qxd5 Nxd2 24. Qd7+ Nf7 25. Bxa8 {[#] zielt auf Tfd1 ab.} Rxa8 (25... Nxf1 $142 26. Rxc8 Bxc8 27. Qxc8 Nd2) 26. Rc6 Rd8 27. Rxf6 (27. Qxa7 $142 Rd6 28. Rxd6 Qxd6 29. Qxf7+ Kh6 30. Rc1) 27... Rxd7 28. Rxa6 Nxe5 29. dxe5 Nxf1 30. Kxf1 {[%mdl 4096] Endspiel KT-KT} Re7 31. f4 Rb7 32. Kf2 Kh6 33. g4 Kg7 34. Kf3 h5 35. gxf5 gxf5 36. h4 Rb3+ 37. e3 Rb7 38. a4 Kf7 39. Rf6+ Ke7 40. Rxf5 Rb4 41. Rxh5 Rxa4 42. f5 {Weiß setzt Matt.} Ra1 43. Rh7+ Kf8 44. e6 a5 45. Ke4 Kg8 46. Ra7 {Precision: Weiß = 83%, Schwarz = 22%.} 1-0

[Event "ESP-ch Rapid 2018"]
[Site "Linares"]
[Date "2018.08.19"]
[Round "3"]
[White "Huerga Leache, Mikel"]
[Black "Gavilan Diaz, Mario"]
[Result "1-0"]
[WhiteElo "2451"]
[BlackElo "2334"]
[Annotator "TA"]
[PlyCount "95"]
[EventDate "2018.08.19"]
[EventType "team-tourn"]
[EventCountry "ESP"]
[SourceTitle "playchess.com"]
[Source "ChessBase"]
[SourceQuality "1"]

{[%evp 21,95,0,0,-43,-47,-47,-47,-47,-47,-47,-47,-55,-35,-40,-42,-41,-47,-45,-43,-60,-37,-41,-37,-53,-18,-20,-8,-8,-17,-47,-22,-36,0,0,0,0,0,0,7,8,3,0,225,243,380,376,347,326,384,385,369,368,371,370,412,403,560,548,581,580,552,453,605,554,543,533,600,578,5679,5654,5185,5114,5106,5069,4133,2249]} 1. Nf3 Nf6 2. c4 g6 3. b4 Bg7 4. Bb2 O-O 5. e3 d6 6. d4 e5 7. dxe5 Ng4 8. Nc3 Nxe5 9. Be2 Nbc6 10. Nxe5 Nxe5 11. O-O Be6 {LiveBook: 8 Games. E60: King's Indian: Unusual lines and Fianchetto Variation without Nc3} 12. c5 $146 ({Predecessor:} 12. Qb3 Qh4 13. g3 Qh3 14. Nd5 Bxd5 15. cxd5 Rae8 16. Rac1 Re7 17. Bxe5 dxe5 18. Rc4 e4 19. Qc2 Be5 20. Rxe4 Qd7 21. Rd1 f5 22. Rc4 Bd6 23. a3 g5 {½-½ (23) Margvelashvili,G (2509)-Howell,D (2624) Puerto Madryn 2009}) 12... Nc4 13. Bxc4 $1 Bxc4 {Black is slightly better.} 14. Re1 dxc5 15. bxc5 Qxd1 16. Nxd1 Rfd8 17. Bxg7 Kxg7 18. Nc3 Rd2 19. Rec1 Rad8 20. a3 Ba6 21. Rab1 c6 22. h3 h5 23. a4 h4 24. Rb4 g5 25. f4 f6 26. Kh2 Kg6 27. Ne4 Re2 28. fxg5 fxg5 29. Rf1 Rxe3 30. Rf6+ Kg7 31. Rf5 Rxe4 $2 {[#]} (31... Bd3 $11 32. Rxb7+ Kh8) 32. Rxe4 $11 {[%mdl 4096] Endgame KRR-KRB} Bd3 (32... Kg6 {might work better.} 33. Ree5 Bd3) 33. Rxg5+ $18 Kf6 34. Reg4 Bf5 35. Rg8 Rd5 36. Rb4 Rxc5 37. Rxb7 Ra5 38. Rb4 c5 39. Rxh4 {White is clearly winning.} Be6 40. Rh6+ Kf7 41. Rgh8 Bf5 42. Rc6 Be4 43. Rc7+ Kg6 44. Rh4 Rxa4 45. Rxc5 Kf6 46. Rf4+ Ke6 47. h4 Kd6 48. Rg5 {Precision: White = 69%, Black = 42%.} 1-0